| 000 | 00660nam a22002057a 4500 | ||
|---|---|---|---|
| 005 | 20140821112230.0 | ||
| 010 | _aENG-110591 | ||
| 020 |
_c125.00 _a9789350351192 |
||
| 035 | _aEN-94123 | ||
| 037 | _bDBAD/PUB | ||
| 082 | _a340.1 | ||
| 100 | _aArora, Manish | ||
| 245 |
_aUniversal's short essays and paragraphs on law including legal personalities for competitive examinations _cby Manish Arora |
||
| 250 | _a8th ed | ||
| 260 |
_aDelhi _bUniversal Publishing House _c2012 |
||
| 270 |
_aC-FF-1A, Dilkhush Industrial Estate _bDelhi _e110033 |
||
| 300 |
_axi,135p. _c24cm(pbk) |
||
| 500 | _aIncludes index | ||
| 942 |
_2ddc _cEN _mARO _h340.1 |
||
| 999 |
_c87500 _d87500 |
||